| 000 | 01971nam a2200349 i 4500 | ||
|---|---|---|---|
| 001 | 000047476 | ||
| 003 | DO-SdBNP | ||
| 005 | 20240726135029.0 | ||
| 007 | ta | ||
| 008 | 180704s2017 dr 000 0 spa d | ||
| 020 | _a9789945088809 | ||
| 040 |
_aDO-SdBNP _bspa _cBPMSU _erda |
||
| 082 | 4 |
_a467.7293 _bP426n 2017 _222 |
|
| 100 | 1 |
_aPeralta, Luz, _eautor |
|
| 245 | 1 | 0 |
_aNo es lo mismo ni es igual : _bdudas lexicológicas en el lenguaje cotidiano de los dominicanos / _cLuz Peralta ; prólogo, Rafael Peralta Romero. |
| 264 |
_aSanto Domingo : _bEditora Búho, _c2017. |
||
| 300 |
_a164 páginas ; _c24 cm. |
||
| 336 |
_2rdacontent _atexto _btxt |
||
| 337 |
_2rdamedia _asin mediación _bn |
||
| 338 |
_2rdacarrier _avolumen _bnc |
||
| 500 | _aIncluye datos biográficos de la autora en la solapa de la cubierta | ||
| 504 | _aBibliografía : p. 163-164 | ||
| 505 | 0 | _aPrólogo -- Nota introductoria -- Lenguaje, lengua y lingüística. Lexicología y léxico. Gramática y sus partes -- Significante. Significado y sus clases. La semántica. Monosemia -- Relaciones semánticas entre palabras. Relaciones independientes, de intersección, de inclusión y de ambigüedad. La polisemia, definición y causas -- ¿Por qué cambian las palabras de significado?. Palabras compuestas, unidas o separadas. Locuciones o expresiones unidas o separadas según su significado. El alfabeto español. Los dígrafos -- Recopilación, en orden alfabético, de términos que generan dudas en el lenguaje cotidiano de los dominicanos -- Palabras que generan dudas en los dígrafos ¨LL¨ y ¨CH¨-- Bibliografía y fuentes de documentación. | |
| 590 | _aInventariado, 2024/ VM | ||
| 650 | 4 |
_aDominicanismos _vDiccionario |
|
| 650 | 4 | _aCultura popula | |
| 650 | 4 |
_a Español _xProvincialismos _zRepública Dominicana |
|
| 700 | 1 |
_aPeralta Romero, Rafael, _eprólogo |
|
| 700 | z |
_aRomero, Rafael Peralta, _d1948- |
|
| 910 | _aVMateo V. Control de calidad. BPMSU | ||
| 942 |
_2ddc _cBK |
||
| 999 |
_c13651 _d13651 |
||